Bulls all time leaders - Statistics

General Stats
  • This quiz has been taken 28 times
  • The average score is 9 of 22
Answer Stats
Player % Correct
Michael Jordan
100%
Scottie Pippen
100%
Derrick Rose
93%
Joakim Noah
70%
Toni Kukoc
67%
Artis Gilmore
59%
Horace Grant
56%
Jimmy Butler
52%
Luol Deng
48%
John Paxson
37%
Kirk Hinrich
37%
Bob Love
33%
Taj Gibson
30%
Tyson Chandler
22%
Jerry Sloan
19%
Reggie Theus
15%
Chet Walker
11%
Norm Van Lier
7%
Dave Corzine
4%
Bob Weiss
0%
Dave Greenwood
0%
Tom Boerwinkle
0%
No matching quizzes found
Score Distribution
Percent of People with Each Score
Percentile by Number Answered
Your Score History
You have not taken this quiz